What Great Teachers Do Differently; Fourteen Things That Matters Most (Record no. 23571)

MARC details
000 -LEADER
fixed length control field 00646nam a22002057a 4500
003 - CONTROL NUMBER IDENTIFIER
control field OSt
005 - DATE AND TIME OF LATEST TRANSACTION
control field 20260609100019.0
008 - FIXED-LENGTH DATA ELEMENTS--GENERAL INFORMATION
fixed length control field 260609b |||||||| |||| 00| 0 eng d
020 ## - INTERNATIONAL STANDARD BOOK NUMBER
International Standard Book Number 1930556691
040 ## - CATALOGING SOURCE
Transcribing agency Chuka University Library
050 ## - LIBRARY OF CONGRESS CALL NUMBER
Classification number LB 1775 .W4 2004
100 ## - MAIN ENTRY--PERSONAL NAME
Personal name Whitaker, Todd
9 (RLIN) 27749
245 ## - TITLE STATEMENT
Title What Great Teachers Do Differently; Fourteen Things That Matters Most
260 ## - PUBLICATION, DISTRIBUTION, ETC.
Place of publication, distribution, etc. Larchmont, NY 10538
Name of publisher, distributor, etc. Eye on Educaction
Date of publication, distribution, etc. 2004
300 ## - PHYSICAL DESCRIPTION
Extent Various Paging
650 ## - SUBJECT ADDED ENTRY--TOPICAL TERM
Topical term or geographic name entry element Teacher effectiveness
9 (RLIN) 27750
650 ## - SUBJECT ADDED ENTRY--TOPICAL TERM
Topical term or geographic name entry element Effectiveness Teaching
9 (RLIN) 27751
650 ## - SUBJECT ADDED ENTRY--TOPICAL TERM
Topical term or geographic name entry element Teacher-Student Relationships
9 (RLIN) 27752
942 ## - ADDED ENTRY ELEMENTS (KOHA)
Source of classification or shelving scheme Library of Congress Classification
Koha item type Long Loan Books
Suppress in OPAC No
Holdings
Withdrawn status Lost status Source of classification or shelving scheme Damaged status Not for loan Collection Home library Current library Shelving location Date acquired Source of acquisition Cost, normal purchase price Total Checkouts Full call number Barcode Date last seen Copy number Price effective from Koha item type
    Library of Congress Classification     General Collection Books Main Campus Library Main Campus Library General Stacks 09/06/2026 Donation from Books for Africa 1859.33   LB 1775 .W4 2004 33286/2026 09/06/2026 3 09/06/2026 Long Loan Books
    Library of Congress Classification     General Collection Books Main Campus Library Main Campus Library General Stacks 09/06/2026 Donation from Books for Africa 1859.33   LB 1775 .W4 2004 33287/2026 09/06/2026 1 09/06/2026 Long Loan Books
    Library of Congress Classification     General Collection Books Main Campus Library Main Campus Library General Stacks 09/06/2026 Donation from Books for Africa 1859.33   LB 1775 .W4 2004 33285/2026 09/06/2026 2 09/06/2026 Long Loan Books

Powered by Koha